[Event "GER-ch Youth U10W 2020"]
[Site "Willingen"]
[Date "2020.10.30"]
[Round "5.3"]
[White "Trunz, Tamila"]
[Black "Schube, Theresa"]
[Result "1-0"]
[WhiteElo "1379"]
[BlackElo "1131"]
[Annotator "NA RC"]
[PlyCount "77"]
[EventDate "2020.10.27"]
[EventType "swiss"]
[EventRounds "7"]
[EventCountry "GER"]
[SourceTitle "playchess.com"]
[Source "ChessBase"]
[SourceQuality "1"]
[TimeControl "40/4500+30:900+30"]

1. e4 {[%emt 0:00:00]} e5 {[%emt 0:00:00]} 2. Nf3 {[%emt 0:00:00]} Nc6 {[%emt 0:00:00]} 3. d4 {[%emt 0:00:00]} exd4 {[%emt 0:00:12]} 4. Bc4 {[%emt 0:00:13]} Nf6 {[%emt 0:00:34]} 5. e5 {[%emt 0:00:23]} d5 {[%emt 0:01:41]} 6. Bb5 {[%emt 0:00:33]} Ne4 {[%emt 0:01:37]} 7. Nxd4 {[%emt 0:00:22]} Bd7 {[%emt 0:01:08]} 8. Bxc6 {[%emt 0:00:24]} bxc6 {[%emt 0:00:24]} 9. O-O {[%emt 0:00:57]} Bc5 {[%emt 0:00:54]} 10. c3 {[%emt 0:02:02]} O-O {[%emt 0:02:32]} 11. f3 {[%emt 0:00:40]} Ng5 {[%emt 0:01:08]} 12. f4 {[%emt 0:00:33]} Ne4 {[%emt 0:00:21]} 13. Nd2 {[%emt 0:00:32]} Bf5 {[%emt 0:05:02]} 14. Kh1 {[%emt 0:01:37]} Bxd4 {[%emt 0:03:15]} 15. cxd4 {[%emt 0:00:13]} Qh4 {[%emt 0:01:10]} 16. Nxe4 {[%emt 0:07:54]} Bxe4 {[%emt 0:00:37]} 17. Qe2 {[%emt 0:03:03]} f6 {[%emt 0:02:00]} 18. Be3 {[%emt 0:01:34]} fxe5 {[%emt 0:03:32]} 19. fxe5 {[%emt 0:04:36]} Qh3 {[%emt 0:03:40]} 20. Bf4 {[%emt 0:08:15]} Qh4 {[%emt 0:05:48]} 21. Bg3 {[%emt 0:01:36]} Qe7 {[%emt 0:01:56]} 22. Rac1 {[%emt 0:04:33]} Rxf1+ {[%emt 0:01:11]} 23. Qxf1 {[%emt 0:00:55]} Qe6 {[%emt 0:01:46]} 24. Kg1 {[%emt 0:01:10]} Rb8 {[%emt 0:01:36]} 25. b3 {[%emt 0:00:55]} Rb6 {[%emt 0:00:49]} 26. Qe1 {[%emt 0:01:52]} Qg6 {[%emt 0:06:08]} 27. Qc3 {[%emt 0:05:22]} h5 {[%emt 0:01:40]} 28. h4 {[%emt 0:00:20]} Ra6 {[%emt 0:01:19]} 29. a4 {[%emt 0:02:46]} Bd3 {[%emt 0:02:20]} 30. Kh2 {[%emt 0:01:00]} Qe4 {[%emt 0:01:07]} 31. Re1 {[%emt 0:00:49]} Qg6 {[%emt 0:00:43]} 32. e6 {[%emt 0:02:45]} Be4 {[%emt 0:00:41]} 33. e7 {[%emt 0:01:10]} Qe8 {[%emt 0:00:47]} 34. Qb4 {[%emt 0:00:42]} Kf7 {[%emt 0:01:26]} 35. Rf1+ {[%emt 0:06:18]} Ke6 {[%emt 0:00:31]} 36. Qb7 {[%emt 0:02:24]} Rb6 {[%emt 0:01:10]} 37. Qxc7 {[%emt 0:00:36]} Qxe7 {[%emt 0:00:54]} 38. Qc8+ {[%emt 0:02:35]} Qd7 {[%emt 0:00:35]} 39. Qg8+ 1-0

[Event "GER-ch Youth U10W 2020"]
[Site "Willingen"]
[Date "2020.10.30"]
[Round "5.4"]
[White "Kutz, Ida Klara"]
[Black "Neininger, Sarah"]
[Result "1/2-1/2"]
[WhiteElo "997"]
[BlackElo "1469"]
[Annotator "NA RC"]
[PlyCount "79"]
[EventDate "2020.10.27"]
[EventType "swiss"]
[EventRounds "7"]
[EventCountry "GER"]
[SourceTitle "playchess.com"]
[Source "ChessBase"]
[SourceQuality "1"]
[TimeControl "40/4500+30:900+30"]

1. c4 {[%emt 0:00:00]} e6 {[%emt 0:00:00]} 2. Nc3 {[%emt 0:00:00]} d5 {[%emt 0:00:00]} 3. d3 {[%emt 0:00:04]} c5 {[%emt 0:00:05]} 4. Nf3 {[%emt 0:00:13]} Nc6 {[%emt 0:00:23]} 5. g3 {[%emt 0:00:13]} g6 {[%emt 0:00:30]} 6. Bg2 {[%emt 0:00:07]} Bg7 {[%emt 0:00:14]} 7. O-O {[%emt 0:00:23]} Nge7 {[%emt 0:00:17]} 8. e3 {[%emt 0:00:31]} Nf5 {[%emt 0:00:53]} 9. b3 {[%emt 0:00:48]} Bxc3 {[%emt 0:00:23]} 10. Rb1 {[%emt 0:00:27]} Bg7 {[%emt 0:00:27]} 11. Ba3 {[%emt 0:00:37]} b6 {[%emt 0:00:58]} 12. Bb2 {[%emt 0:01:47]} e5 {[%emt 0:01:32]} 13. cxd5 {[%emt 0:00:49]} Nce7 {[%emt 0:02:08]} 14. Nxe5 {[%emt 0:00:41]} Nd6 {[%emt 0:07:19]} 15. Nc6 {[%emt 0:01:30]} Nxc6 {[%emt 0:00:20]} 16. dxc6 {[%emt 0:01:12]} Bxb2 {[%emt 0:02:39]} 17. Rxb2 {[%emt 0:01:17]} Qc7 {[%emt 0:01:23]} 18. d4 {[%emt 0:08:20]} O-O {[%emt 0:01:20]} 19. dxc5 {[%emt 0:01:44]} bxc5 {[%emt 0:00:18]} 20. Qc2 {[%emt 0:01:01]} Ba6 {[%emt 0:02:11]} 21. Rd1 {[%emt 0:01:21]} c4 {[%emt 0:00:57]} 22. e4 {[%emt 0:01:14]} cxb3 {[%emt 0:02:15]} 23. axb3 {[%emt 0:02:12]} Rac8 {[%emt 0:02:19]} 24. e5 {[%emt 0:01:05]} Nf5 {[%emt 0:02:35]} 25. h3 {[%emt 0:03:20]} Qxe5 {[%emt 0:04:30]} 26. Ra2 {[%emt 0:01:59]} Nd4 {[%emt 0:06:58]} 27. Qb2 {[%emt 0:01:43]} Ne2+ {[%emt 0:00:39]} 28. Kh2 {[%emt 0:01:30]} Qxb2 {[%emt 0:01:01]} 29. Rxb2 {[%emt 0:00:18]} Nc3 {[%emt 0:01:34]} 30. Rd7 {[%emt 0:03:42]} Ra8 {[%emt 0:07:24]} 31. b4 {[%emt 0:01:56]} Rfd8 {[%emt 0:01:38]} 32. Rc2 {[%emt 0:01:43]} Ne2 {[%emt 0:03:40]} 33. Ra2 {[%emt 0:02:05]} Bb5 {[%emt 0:01:38]} 34. Raxa7 {[%emt 0:01:59]} Rxa7 {[%emt 0:00:31]} 35. Rxa7 {[%emt 0:01:30]} Nd4 {[%emt 0:03:08]} 36. c7 {[%emt 0:01:32]} Rc8 {[%emt 0:00:16]} 37. Rb7 {[%emt 0:01:10]} Kg7 {[%emt 0:01:02]} 38. h4 {[%emt 0:01:03]} Bc6 {[%emt 0:01:01]} 39. Bxc6 {[%emt 0:00:58]} Nxc6 {[%emt 0:00:12]} 40. b5 {[%emt 0:01:26]} 1/2-1/2

[Event "GER-ch Youth U10W 2020"]
[Site "Willingen"]
[Date "2020.10.30"]
[Round "5.5"]
[White "Hoffmann, Svenja"]
[Black "Zimmermann, Lilly Marie"]
[Result "1-0"]
[WhiteElo "1219"]
[BlackElo "851"]
[Annotator "NA RC"]
[PlyCount "101"]
[EventDate "2020.10.27"]
[EventType "swiss"]
[EventRounds "7"]
[EventCountry "GER"]
[SourceTitle "playchess.com"]
[Source "ChessBase"]
[SourceQuality "1"]
[TimeControl "40/4500+30:900+30"]

1. e4 {[%emt 0:00:00]} e5 {[%emt 0:00:00]} 2. Nf3 {[%emt 0:00:09]} Nc6 {[%emt 0:00:00]} 3. Bc4 {[%emt 0:00:33]} Nf6 {[%emt 0:00:20]} 4. d4 {[%emt 0:00:40]} d6 {[%emt 0:02:21]} 5. dxe5 {[%emt 0:00:28]} Nxe4 {[%emt 0:00:49]} 6. Qd5 {[%emt 0:00:55]} Be6 {[%emt 0:01:47]} 7. Qxe4 {[%emt 0:01:30]} d5 {[%emt 0:01:12]} 8. Qd3 {[%emt 0:00:42]} dxc4 {[%emt 0:00:21]} 9. Qxd8+ {[%emt 0:00:13]} Rxd8 {[%emt 0:00:18]} 10. Nc3 {[%emt 0:00:47]} Bb4 {[%emt 0:01:07]} 11. Bg5 {[%emt 0:00:31]} Rd7 {[%emt 0:00:49]} 12. O-O {[%emt 0:00:36]} O-O {[%emt 0:00:22]} 13. Rad1 {[%emt 0:01:27]} h6 {[%emt 0:01:20]} 14. Bh4 {[%emt 0:01:03]} Bxc3 {[%emt 0:01:25]} 15. bxc3 {[%emt 0:00:12]} Rxd1 {[%emt 0:01:07]} 16. Rxd1 {[%emt 0:00:09]} Bg4 {[%emt 0:00:25]} 17. Re1 {[%emt 0:01:02]} Re8 {[%emt 0:01:08]} 18. Bg3 {[%emt 0:00:35]} Bxf3 {[%emt 0:00:35]} 19. gxf3 {[%emt 0:00:08]} f6 {[%emt 0:00:21]} 20. e6 {[%emt 0:00:15]} a5 {[%emt 0:00:33]} 21. Bxc7 {[%emt 0:00:57]} b5 {[%emt 0:00:27]} 22. e7 {[%emt 0:05:53]} b4 {[%emt 0:00:39]} 23. cxb4 {[%emt 0:01:15]} axb4 {[%emt 0:00:37]} 24. Re4 {[%emt 0:00:27]} b3 {[%emt 0:00:17]} 25. axb3 {[%emt 0:00:21]} c3 {[%emt 0:00:56]} 26. Bd6 {[%emt 0:01:42]} Kf7 {[%emt 0:00:25]} 27. Kf1 {[%emt 0:01:32]} Nxe7 {[%emt 0:00:34]} 28. Rxe7+ {[%emt 0:00:11]} Rxe7 {[%emt 0:00:15]} 29. Bxe7 {[%emt 0:00:06]} Kxe7 {[%emt 0:00:09]} 30. Ke2 {[%emt 0:00:06]} g5 31. Kd3 Ke6 {[%emt 0:01:35]} 32. Kxc3 {[%emt 0:00:45]} f5 {[%emt 0:00:23]} 33. Kd3 {[%emt 0:00:21]} Ke5 {[%emt 0:00:17]} 34. c4 {[%emt 0:00:37]} Kd6 {[%emt 0:00:21]} 35. b4 {[%emt 0:00:15]} Kc6 {[%emt 0:00:11]} 36. b5+ {[%emt 0:00:24]} Kc5 {[%emt 0:00:11]} 37. Ke3 {[%emt 0:00:07]} h5 {[%emt 0:00:37]} 38. f4 {[%emt 0:00:36]} g4 {[%emt 0:00:19]} 39. f3 {[%emt 0:00:19]} g3 {[%emt 0:00:57]} 40. hxg3 {[%emt 0:00:11]} Kb6 {[%emt 0:00:16]} 41. g4 {[%emt 0:15:30]} fxg4 {[%emt 0:15:34]} 42. fxg4 {[%emt 0:00:10]} h4 {[%emt 0:00:24]} 43. g5 {[%emt 0:00:08]} h3 {[%emt 0:00:05]} 44. Kf3 {[%emt 0:00:08]} Kc5 {[%emt 0:02:05]} 45. g6 {[%emt 0:00:09]} Kxc4 {[%emt 0:00:15]} 46. b6 {[%emt 0:00:08]} Kd5 {[%emt 0:00:31]} 47. b7 {[%emt 0:00:13]} Ke6 {[%emt 0:00:13]} 48. b8=Q {[%emt 0:00:13]} Kf6 {[%emt 0:00:22]} 49. Qe8 {[%emt 0:00:29]} Kg7 {[%emt 0:01:33]} 50. Qf7+ {[%emt 0:00:18]} Kh6 {[%emt 0:00:21]} 51. Qh7# {[%emt 0:00:06]} 1-0

[Event "GER-ch Youth U10W 2020"]
[Site "Willingen"]
[Date "2020.10.30"]
[Round "5.7"]
[White "Bakó, Isabella"]
[Black "John, Linnea"]
[Result "1-0"]
[WhiteElo "1153"]
[BlackElo "1146"]
[Annotator "NA RC"]
[PlyCount "125"]
[EventDate "2020.10.27"]
[EventType "swiss"]
[EventRounds "7"]
[EventCountry "GER"]
[SourceTitle "playchess.com"]
[Source "ChessBase"]
[SourceQuality "1"]
[TimeControl "40/4500+30:900+30"]

1. e4 {[%emt 0:00:07]} c5 {[%emt 0:00:00]} 2. Nf3 {[%emt 0:00:27]} Nc6 {[%emt 0:00:00]} 3. d4 {[%emt 0:01:01]} cxd4 {[%emt 0:00:08]} 4. Nxd4 {[%emt 0:00:14]} g6 {[%emt 0:00:08]} 5. c4 {[%emt 0:00:50]} Bg7 {[%emt 0:00:44]} 6. Be3 {[%emt 0:00:13]} Nf6 {[%emt 0:01:46]} 7. Nc3 {[%emt 0:00:17]} O-O {[%emt 0:01:04]} 8. Be2 {[%emt 0:01:45]} a6 {[%emt 0:01:30]} 9. Qd2 {[%emt 0:01:58]} Qa5 {[%emt 0:04:33]} 10. Nb3 {[%emt 0:05:26]} Qc7 {[%emt 0:02:38]} 11. c5 {[%emt 0:07:17]} d6 {[%emt 0:02:33]} 12. Bf4 {[%emt 0:07:27]} Ne5 {[%emt 0:06:43]} 13. Nd5 {[%emt 0:14:33]} Nxd5 {[%emt 0:04:19]} 14. Qxd5 {[%emt 0:04:44]} Be6 {[%emt 0:01:56]} 15. cxd6 {[%emt 0:05:02]} Bxd5 16. dxc7 {[%emt 0:00:33]} Bxe4 {[%emt 0:08:17]} 17. O-O {[%emt 0:03:26]} Rac8 {[%emt 0:00:52]} 18. Rac1 {[%emt 0:06:36]} Bd3 {[%emt 0:01:32]} 19. Bxe5 {[%emt 0:03:25]} Bxe2 {[%emt 0:01:59]} 20. Bxg7 {[%emt 0:00:33]} Kxg7 {[%emt 0:10:25]} 21. Rfe1 {[%emt 0:01:25]} Bg4 {[%emt 0:01:52]} 22. Rxe7 {[%emt 0:02:13]} Kf6 {[%emt 0:01:06]} 23. Re4 {[%emt 0:02:05]} Bf5 {[%emt 0:02:45]} 24. Rb4 {[%emt 0:03:02]} b5 {[%emt 0:01:33]} 25. Nc5 {[%emt 0:02:19]} Ra8 {[%emt 0:07:36]} 26. Rf4 {[%emt 0:05:10]} g5 {[%emt 0:01:34]} 27. Nd7+ {[%emt 0:02:41]} Ke7 {[%emt 0:01:38]} 28. Rxf5 {[%emt 0:01:03]} Kxd7 {[%emt 0:01:17]} 29. Rd5+ {[%emt 0:01:10]} Ke6 {[%emt 0:00:30]} 30. Rxg5 {[%emt 0:00:41]} Kf6 {[%emt 0:01:17]} 31. Rgc5 {[%emt 0:00:35]} Rac8 {[%emt 0:00:42]} 32. Rc6+ {[%emt 0:00:40]} Kg7 {[%emt 0:00:11]} 33. Rxa6 {[%emt 0:00:44]} Rfd8 {[%emt 0:00:56]} 34. Rac6 {[%emt 0:01:00]} Re8 {[%emt 0:01:00]} 35. f3 {[%emt 0:00:31]} Re6 {[%emt 0:02:13]} 36. R6c5 {[%emt 0:00:22]} Ra6 {[%emt 0:01:50]} 37. a3 {[%emt 0:00:12]} Ra5 {[%emt 0:00:26]} 38. R1c3 {[%emt 0:01:11]} f6 {[%emt 0:01:26]} 39. b4 {[%emt 0:00:33]} Ra7 {[%emt 0:00:49]} 40. Kf2 {[%emt 0:00:49]} Kf7 {[%emt 0:00:56]} 41. Rxb5 {[%emt 0:00:54]} Raxc7 {[%emt 0:00:20]} 42. Rbc5 {[%emt 0:04:14]} Rxc5 {[%emt 0:00:40]} 43. Rxc5 {[%emt 0:00:32]} Ra8 {[%emt 0:00:26]} 44. Ra5 {[%emt 0:00:39]} Rc8 {[%emt 0:00:11]} 45. Ra7+ {[%emt 0:00:37]} Kg6 {[%emt 0:00:06]} 46. b5 {[%emt 0:00:27]} Rc2+ {[%emt 0:00:44]} 47. Kg3 {[%emt 0:00:16]} Rb2 {[%emt 0:00:41]} 48. a4 {[%emt 0:00:20]} Rb4 {[%emt 0:00:14]} 49. Kf2 {[%emt 0:01:39]} Rb2+ {[%emt 0:00:52]} 50. Kg3 {[%emt 0:02:07]} h6 {[%emt 0:01:13]} 51. Kf4 {[%emt 0:00:54]} Rxg2 {[%emt 0:00:51]} 52. h4 {[%emt 0:00:59]} Re2 {[%emt 0:01:09]} 53. b6 {[%emt 0:01:05]} Rb2 {[%emt 0:00:19]} 54. a5 {[%emt 0:00:15]} Rb5 {[%emt 0:00:19]} 55. b7 {[%emt 0:00:51]} Rxb7 {[%emt 0:01:01]} 56. Rxb7 {[%emt 0:00:18]} Kh5 {[%emt 0:00:17]} 57. Rb1 {[%emt 0:00:43]} f5 {[%emt 0:00:44]} 58. a6 {[%emt 0:00:45]} Kg6 {[%emt 0:00:23]} 59. a7 {[%emt 0:00:13]} Kh5 {[%emt 0:00:17]} 60. a8=Q {[%emt 0:00:47]} Kg6 {[%emt 0:00:32]} 61. Qa6+ {[%emt 0:00:15]} Kh5 {[%emt 0:00:21]} 62. Rg1 {[%emt 0:00:59]} Kxh4 63. Rh1# 1-0

[Event "GER-ch Youth U10W 2020"]
[Site "Willingen"]
[Date "2020.10.30"]
[Round "5.8"]
[White "Blaufuß, Lena"]
[Black "Meier, Viktoria"]
[Result "0-1"]
[WhiteElo "1073"]
[BlackElo "1316"]
[Annotator "NA RC"]
[PlyCount "94"]
[EventDate "2020.10.27"]
[EventType "swiss"]
[EventRounds "7"]
[EventCountry "GER"]
[SourceTitle "playchess.com"]
[Source "ChessBase"]
[SourceQuality "1"]
[TimeControl "40/4500+30:900+30"]

1. e4 {[%emt 0:00:00]} c6 {[%emt 0:00:00]} 2. Nf3 {[%emt 0:00:14]} d5 {[%emt 0:00:00]} 3. Nc3 {[%emt 0:00:40]} dxe4 {[%emt 0:00:02]} 4. Nxe4 {[%emt 0:00:17]} Bf5 {[%emt 0:00:09]} 5. Ng3 {[%emt 0:00:32]} Bg6 {[%emt 0:00:14]} 6. h4 {[%emt 0:00:31]} h6 {[%emt 0:00:11]} 7. Ne5 {[%emt 0:00:54]} Bh7 {[%emt 0:00:27]} 8. Qh5 {[%emt 0:00:33]} g6 {[%emt 0:01:26]} 9. Qf3 {[%emt 0:00:54]} Qd5 {[%emt 0:00:51]} 10. Qc3 {[%emt 0:05:59]} Bg7 {[%emt 0:02:13]} 11. d4 {[%emt 0:01:37]} e6 {[%emt 0:02:05]} 12. Be3 {[%emt 0:05:25]} Nd7 {[%emt 0:01:48]} 13. f4 {[%emt 0:02:22]} Nxe5 {[%emt 0:01:04]} 14. fxe5 {[%emt 0:01:54]} Ne7 {[%emt 0:00:35]} 15. Rg1 {[%emt 0:02:53]} Nf5 {[%emt 0:00:46]} 16. Nxf5 {[%emt 0:01:31]} exf5 {[%emt 0:01:07]} 17. Bc4 {[%emt 0:01:18]} Qe4 {[%emt 0:02:28]} 18. g3 {[%emt 0:01:36]} b5 {[%emt 0:01:45]} 19. Be2 {[%emt 0:05:33]} h5 {[%emt 0:01:40]} 20. O-O-O {[%emt 0:02:07]} O-O 21. Rd3 Qd5 {[%emt 0:12:07]} 22. Kb1 {[%emt 0:01:45]} a5 {[%emt 0:01:36]} 23. b3 {[%emt 0:04:54]} a4 {[%emt 0:00:42]} 24. Rf1 {[%emt 0:01:37]} axb3 {[%emt 0:01:09]} 25. cxb3 {[%emt 0:00:44]} Rfc8 {[%emt 0:01:13]} 26. Bf3 {[%emt 0:01:06]} Qd7 {[%emt 0:00:42]} 27. d5 {[%emt 0:02:48]} cxd5 {[%emt 0:00:32]} 28. Rxd5 {[%emt 0:01:17]} Rxc3 {[%emt 0:00:31]} 29. Rxd7 {[%emt 0:00:42]} Rxe3 {[%emt 0:00:41]} 30. Bxa8 {[%emt 0:00:36]} Rxg3 {[%emt 0:01:48]} 31. Re1 {[%emt 0:01:26]} f4 {[%emt 0:00:38]} 32. e6 {[%emt 0:01:23]} g5+ {[%emt 0:01:14]} 33. Be4 {[%emt 0:02:50]} fxe6 {[%emt 0:02:23]} 34. Bxh7+ {[%emt 0:00:54]} Kxh7 {[%emt 0:00:26]} 35. hxg5 {[%emt 0:01:19]} f3 {[%emt 0:01:09]} 36. Rf7 {[%emt 0:04:34]} Kg6 {[%emt 0:00:27]} 37. Re7 {[%emt 0:02:13]} f2 {[%emt 0:01:49]} 38. R7xe6+ {[%emt 0:04:30]} Kxg5 {[%emt 0:01:18]} 39. R6e5+ {[%emt 0:04:58]} Bxe5 {[%emt 0:00:26]} 40. Rxe5+ {[%emt 0:00:14]} Kf4 {[%emt 0:00:09]} 41. Rxh5 {[%emt 0:15:27]} f1=Q+ {[%emt 0:15:09]} 42. Kb2 {[%emt 0:00:22]} Qe2+ {[%emt 0:00:06]} 43. Ka3 {[%emt 0:00:26]} Qxh5 {[%emt 0:00:10]} 44. Kb4 {[%emt 0:00:48]} Ke3 {[%emt 0:00:21]} 45. a4 {[%emt 0:00:30]} bxa4 {[%emt 0:00:08]} 46. bxa4 {[%emt 0:00:29]} Qh4+ {[%emt 0:00:10]} 47. Kb5 {[%emt 0:00:25]} Rg5+ {[%emt 0:00:06]} 0-1

[Event "GER-ch Youth U10W 2020"]
[Site "Willingen"]
[Date "2020.10.30"]
[Round "5.9"]
[White "Halas, Neele Zoe"]
[Black "Stepanjan, Tatevik Mia"]
[Result "1/2-1/2"]
[WhiteElo "1295"]
[BlackElo "1030"]
[Annotator "NA RC"]
[PlyCount "92"]
[EventDate "2020.10.27"]
[EventType "swiss"]
[EventRounds "7"]
[EventCountry "GER"]
[SourceTitle "playchess.com"]
[Source "ChessBase"]
[SourceQuality "1"]
[TimeControl "40/4500+30:900+30"]

1. e4 {[%emt 0:00:00]} c5 {[%emt 0:00:00]} 2. Nf3 {[%emt 0:00:00]} Nc6 {[%emt 0:00:00]} 3. d4 {[%emt 0:00:00]} e6 {[%emt 0:00:22]} 4. Be3 {[%emt 0:02:15]} d6 {[%emt 0:00:57]} 5. dxc5 {[%emt 0:05:02]} dxc5 {[%emt 0:00:22]} 6. Qxd8+ {[%emt 0:00:26]} Nxd8 {[%emt 0:00:05]} 7. c4 {[%emt 0:01:57]} Nf6 {[%emt 0:00:22]} 8. Nc3 {[%emt 0:05:14]} Be7 {[%emt 0:00:56]} 9. h3 {[%emt 0:02:29]} b6 {[%emt 0:00:22]} 10. O-O-O {[%emt 0:02:15]} Bb7 {[%emt 0:00:26]} 11. Bd3 {[%emt 0:03:09]} O-O {[%emt 0:00:17]} 12. g4 {[%emt 0:02:11]} h6 {[%emt 0:00:34]} 13. Rhg1 {[%emt 0:01:22]} Nc6 {[%emt 0:00:35]} 14. Nd2 {[%emt 0:02:40]} Rad8 {[%emt 0:00:34]} 15. Bc2 {[%emt 0:01:09]} Nd4 {[%emt 0:01:42]} 16. e5 {[%emt 0:02:09]} Nd7 {[%emt 0:01:41]} 17. f4 {[%emt 0:00:58]} a5 {[%emt 0:01:06]} 18. Bxd4 {[%emt 0:00:44]} cxd4 {[%emt 0:00:11]} 19. Nb5 {[%emt 0:02:29]} Nc5 {[%emt 0:01:11]} 20. Bb1 {[%emt 0:08:23]} Bc6 {[%emt 0:02:53]} 21. Nf1 {[%emt 0:03:22]} Bxb5 {[%emt 0:00:33]} 22. cxb5 {[%emt 0:00:34]} Rc8 {[%emt 0:00:20]} 23. Kd2 {[%emt 0:04:26]} Rfd8 {[%emt 0:00:58]} 24. Nh2 {[%emt 0:02:43]} d3 {[%emt 0:00:45]} 25. Rg2 {[%emt 0:05:58]} Rc7 {[%emt 0:00:33]} 26. Ke3 {[%emt 0:01:28]} Rcd7 {[%emt 0:00:16]} 27. Rgd2 {[%emt 0:02:36]} g5 {[%emt 0:02:17]} 28. Nf3 {[%emt 0:07:16]} f6 {[%emt 0:04:11]} 29. Bxd3 {[%emt 0:06:01]} fxe5 {[%emt 0:00:27]} 30. fxe5 {[%emt 0:00:27]} Rd5 {[%emt 0:01:56]} 31. Bc4 {[%emt 0:01:43]} Rxd2 {[%emt 0:00:55]} 32. Rxd2 Rxd2 {[%emt 0:00:42]} 33. Nxd2 {[%emt 0:00:34]} Kf7 {[%emt 0:00:29]} 34. Ne4 {[%emt 0:00:56]} Nxe4 {[%emt 0:00:24]} 35. Kxe4 {[%emt 0:00:09]} Bc5 {[%emt 0:00:18]} 36. Kd3 {[%emt 0:01:58]} Ke7 {[%emt 0:00:23]} 37. a3 {[%emt 0:04:18]} Kd7 {[%emt 0:00:22]} 38. a4 {[%emt 0:01:48]} Ke7 {[%emt 0:00:39]} 39. b3 {[%emt 0:00:30]} Kd7 {[%emt 0:00:39]} 40. Ke4 {[%emt 0:00:17]} Ke7 {[%emt 0:00:13]} 41. Kd3 {[%emt 0:15:14]} Kf7 {[%emt 0:15:36]} 42. Ke4 {[%emt 0:00:08]} Ke7 {[%emt 0:00:57]} 43. Kd3 {[%emt 0:00:09]} Kd7 {[%emt 0:00:22]} 44. Ke4 {[%emt 0:00:09]} Ke7 {[%emt 0:00:11]} 45. Kd3 {[%emt 0:00:09]} Kd7 {[%emt 0:00:09]} 46. Ke4 {[%emt 0:00:04]} Ke7 {[%emt 0:00:08]} 1/2-1/2